Fr. Conceicao Rodrigues College of Engineering

Data Mining (Record no. 22144)

MARC details
000 -LEADER
fixed length control field 00284nam a2200145Ia 4500
082 ## - DEWEY DECIMAL CLASSIFICATION NUMBER
Classification number 005.74/HAN
Item number HAN
100 ## - MAIN ENTRY--PERSONAL NAME
Personal name Han Jiawei/ Kamber
245 ## - TITLE STATEMENT
Title Data Mining
260 ## - PUBLICATION, DISTRIBUTION, ETC.
Name of publisher, distributor, etc. Elsevier
Date of publication, distribution, etc. 2006
366 ## - TRADE AVAILABILITY INFORMATION
Publishers's discount category 17.5
300 ## - PHYSICAL DESCRIPTION
Extent 770
546 ## - LANGUAGE NOTE
Language note ENGLISH
942 ## - ADDED ENTRY ELEMENTS (KOHA)
Koha item type BOOK
Holdings
Withdrawn status Lost status Damaged status Not for loan Collection Home library Current library Date acquired Source of acquisition Cost, normal purchase price Inventory number Total Checkouts Full call number Barcode Date last seen Date last checked out Cost, replacement price Price effective from Koha item type
        CRC Fr. Agnel's C.Rodrigues College of Engineering Fr. Agnel's C.Rodrigues College of Engineering 17/03/2023 Educational books and periodicals 371.25 258 dt 27/04/2009 1 005.74/HAN HAN 19557 21/08/2024 22/07/2024 450.00   BOOK